000 00683nam a2200241 i 4500
001 000032418
003 DO-SdBNP
005 20230719102445.0
007 ta
008 110718s1956 dr 000 0 spa d
040 _aDO-SdBNP
_bspa
_cBNPHU
_erda
082 4 _222
100 _aLopéz Penha, Haim H.,
_929198
_eautor
245 1 3 _aLa masonería en Santo Domingo /
_cHaim H. Lopéz Penha.
264 1 _aCiudad Trujillo :
_bEstela,
_c1956.
300 _a224 páginas ;
_c24 cm.
336 _2rdacontent
_atexto
_btxt
337 _2rdamedia
_asin mediación
_bn
338 _2rdacarrier
_avolumen
_bnc
590 _aInventariado, 2023/BT
910 _aBtavárez
942 _2ddc
_cLBS1
999 _c31909
_d31909